| 000 | 00622cam a22002175a 4500 | ||
|---|---|---|---|
| 001 | L159667 | ||
| 008 | 150226s2017 xxk f 000 0 eng d | ||
| 035 | _a(Sirsi) u159667 | ||
| 041 | 0 | _aeng | |
| 100 | 1 | _aWilding, Mark | |
| 245 | 0 | 0 | _aCatch me if you can |
| 260 | _c2017 | ||
| 490 |
_aModus _vMay 2017, 12-24 (3) |
||
| 520 | _aLooks at new alternative financing such as peer-to-peer lending and the effort to regulate it. | ||
| 590 | _aKA | ||
| 650 | 2 | 4 | _aPEER-TO-PEER LENDING |
| 650 | 2 | 4 | _aCROWDFUNDING |
| 651 | 4 | _aInternational | |
| 690 | _aMANAGEMENT-BUSINESS MANAGEMENT-FINANCIAL MANAGEMENT | ||
| 942 | _n0 | ||
| 999 |
_c84901 _d84901 |
||